000 00345nam a2200145 i 4500
001 bg
100 1 _aSHAW, Peter
245 0 _aUsing Blackboard Drawing /
_cPeter Shaw, Therese De Vet.
260 _aLondon,
_c1980.
700 1 _aDE VET, Therese
040 _cBPK
041 _apol
942 _cKS
008 s pl f |000 0 pol
999 _c21639
_d21639
856 _uhttp://koha.tu.koszalin.pl/cgi-bin/koha/opac-detail.pl?biblionumber=21639
_yKatalog online BPK